[Event "II Open ROMGAZ"]
[Site "Bucarest ROM"]
[Date "2008.09.18"]
[Round "8"]
[White "Savchenko, S."]
[Black "Kasparov, S."]
[Result "1-0"]
[WhiteElo "2557"]
[BlackElo "2486"]
[PlyCount "91"]
[EventDate "2008.09.11"]
[Source "www.chesslib.no"]
[SourceDate "2004.05.04"]

1. d4 Nf6 2. c4 c5 3. d5 b5 4. cxb5 a6 5. bxa6 g6 6. Nc3 Bxa6 7. e4 Bxf1 8. Kxf1 d6 9. Nf3 Bg7 10. g3 O-O 11. Kg2 Nbd7 12. Re1 Qa5 13. e5 Ng4 14. exd6 exd6 15. Bf4 Nge5 16. Nxe5 Nxe5 17. Rc1 c4 18. Bxe5 Bxe5 19. Rc2 Rfb8 20. Re4 Rc8 21. Qf3 Rab8 22. h4 f5 23. Ree2 Rf8 24. Rc1 Rb7 25. Rd2 Re7 26. Rdc2 h5 27. Ne2 Qxa2 28. Nf4 Bxf4 29. Qxf4 c3 30. b3 Qxb3 31. Qxd6 Rg7 32. Rxc3 Qb7 33. Rc7 Qb2 34. Rc8 Rxc8 35. Rxc8+ Kh7 36. Qd8 Ra7 37. d6 Qb7+ 38. Kh2 Qb2 39. Rc7+ Rxc7 40. Qxc7+ Kg8 41. Qd8+ Kf7 42. Qe7+ Kg8 43. Kg2 Qb4 44. Qe8+ Kg7 45. d7 Qb7+ 46. Kh2 1-0

[Event "Ischia"]
[Site "?"]
[Date "1997.??.??"]
[Round "?"]
[White "Komljenovic, D."]
[Black "Gurevich, D."]
[Result "1-0"]
[WhiteElo "2460"]
[BlackElo "2580"]
[PlyCount "81"]
[EventDate "1997.??.??"]
[Source "ChessBase"]
[SourceDate "1997.06.01"]

1. d4 Nf6 2. c4 c5 3. d5 b5 4. cxb5 a6 5. bxa6 g6 6. Nc3 Bxa6 7. e4 Bxf1 8. Kxf1 d6 9. Nf3 Bg7 10. g3 O-O 11. Kg2 Nbd7 12. h3 Qa5 13. Re1 Rfb8 14. e5 dxe5 15. Nxe5 Nxe5 16. Rxe5 Ra7 17. Qe2 Kf8 18. Bf4 Rab7 19. Qe3 Ne8 20. Re1 Bxe5 21. Bxe5 Rd8 22. Ne4 Kg8 23. Nxc5 Ra7 24. Bd4 Nf6 25. a4 Nxd5 26. Qe5 Nf6 27. Ne6 fxe6 28. Qxe6+ Kg7 29. Bb6 Rd6 30. Qxe7+ Rxe7 31. Rxe7+ Kf8 32. Bxa5 Kxe7 33. Bb4 Ke6 34. Bxd6 Kxd6 35. Kf3 g5 36. Ke3 Ke5 37. a5 Nd5+ 38. Kf3 Nb4 39. Kg4 Kf6 40. Kh5 Kf5 41. f3 1-0

[Event "Geneve op"]
[Site "Geneve"]
[Date "1999.01.24"]
[Round "2"]
[White "Graf, Alexander"]
[Black "Zueger, Beat"]
[Result "1/2-1/2"]
[WhiteElo "2616"]
[BlackElo "2424"]
[PlyCount "66"]
[EventDate "1999.01.23"]
[Source "ChessBase"]
[SourceDate "1999.03.01"]

1. d4 Nf6 2. c4 c5 3. d5 b5 4. cxb5 a6 5. bxa6 g6 6. Nc3 Bxa6 7. e4 Bxf1 8. Kxf1 d6 9. Nf3 Nbd7 10. h3 Bg7 11. Kg1 O-O 12. Kh2 Qa5 13. Re1 Rfb8 14. Re2 Ne8 15. Rc2 Nb6 16. Qe2 Qa6 17. Bg5 Qxe2 18. Rxe2 Bxc3 19. bxc3 f6 20. Bc1 Nc4 21. Ne1 Kf7 22. Nd3 Nc7 23. f3 Ra4 24. Nf2 Ke8 25. Nd1 Kd7 26. Bf4 Rba8 27. Bg3 R8a7 28. Be1 Ra8 29. Nf2 Rb8 30. Nd3 Rba8 31. Kg1 R8a7 32. Bf2 Ra3 33. Be1 R3a4 1/2-1/2

[Event "SSKK"]
[Site "?"]
[Date "1997.04.15"]
[Round "?"]
[White "Karason Askell Oern (ISL)"]
[Black "Djurhuus Rune (NOR)"]
[Result "1/2-1/2"]
[WhiteElo "2455"]
[BlackElo "2585"]
[PlyCount "48"]
[EventDate "1997.??.??"]
[Source "www.chesslib.no"]
[SourceDate "2004.05.04"]

1. d4 Nf6 2. c4 c5 3. d5 b5 4. cxb5 a6 5. bxa6 g6 6. Nc3 Bxa6 7. e4 Bxf1 8. Kxf1 d6 9. Nf3 Nbd7 10. g3 Bg7 11. Kg2 O-O 12. h3 Ra7 13. Re1 Qa8 14. Bg5 h6 15. Be3 Rb8 16. Rb1 Ne8 17. Qd3 Nc7 18. b3 Rab7 19. Rec1 Qa6 20. Qxa6 Nxa6 21. Nd2 Nb4 22. a3 Nd3 23. Rc2 Ra8 24. a4 Nb4 1/2-1/2

[Event "Santiago"]
[Site "?"]
[Date "1989.??.??"]
[Round "?"]
[White "Morovic"]
[Black "Milos"]
[Result "0-1"]
[WhiteElo "2525"]
[BlackElo "2510"]
[PlyCount "58"]
[EventDate "1989.??.??"]
[Source "www.chesslib.no"]
[SourceDate "2004.05.04"]

1. d4 Nf6 2. c4 c5 3. d5 b5 4. cxb5 a6 5. bxa6 Bxa6 6. Nc3 g6 7. e4 Bxf1 8. Kxf1 d6 9. Nf3 Bg7 10. g3 O-O 11. Kg2 Nbd7 12. Re1 Qa5 13. h3 Rfb8 14. Re2 Ne8 15. Bg5 Ra7 16. Bxe7 Bxc3 17. bxc3 f6 18. Qc1 Nb6 19. Bxd6 Nxd6 20. e5 Re7 21. Qe1 Rbe8 22. e6 Nxd5 23. Rd1 c4 24. Red2 Rxe6 25. Qf1 Nxc3 26. Rxd6 Nxd1 27. Qxc4 Qc3 28. Qd5 Ne3+ 29. fxe3 Qxe3 0-1

[Event "XXXII Tenkes Cup"]
[Site "Harkany UNG"]
[Date "2008.11.17"]
[Round "4"]
[White "Savchenko, S."]
[Black "Trent, L."]
[Result "1-0"]
[WhiteElo "2565"]
[BlackElo "2470"]
[PlyCount "53"]
[EventDate "2008.11.14"]
[Source "www.chesslib.no"]
[SourceDate "2004.05.04"]

1. d4 Nf6 2. c4 c5 3. d5 b5 4. cxb5 a6 5. bxa6 g6 6. Nc3 Bxa6 7. e4 Bxf1 8. Kxf1 d6 9. Nf3 Nbd7 10. g3 Bg7 11. Kg2 O-O 12. Re1 Ra6 13. Bg5 h6 14. Bxf6 Bxf6 15. Qd2 Kg7 16. Rac1 Qa5 17. Re2 Rfa8 18. Rc2 Qb4 19. Qd3 Qb8 20. b3 g5 21. h3 Rb6 22. Nd1 h5 23. Ne3 Kh8 24. Nc4 Rb4 25. Qe3 Qg8 26. e5 dxe5 27. Nfxe5 1-0

[Event "Malmo"]
[Site "?"]
[Date "1995.??.??"]
[Round "?"]
[White "Hjartarson, Johann"]
[Black "Brynell, Stellan"]
[Result "1-0"]
[WhiteElo "2590"]
[BlackElo "2435"]
[PlyCount "24"]
[EventDate "1995.??.??"]
[Source "www.chesslib.no"]
[SourceDate "2004.05.04"]

1. d4 Nf6 2. c4 c5 3. d5 b5 4. cxb5 a6 5. bxa6 g6 6. Nc3 Bxa6 7. e4 Bxf1 8. Kxf1 d6 9. Nf3 Bg7 10. g3 O-O 11. Kg2 Nbd7 12. Re1 Ra7 1-0

[Event "Corr"]
[Site "?"]
[Date "1998.??.??"]
[Round "2"]
[White "Beaumont David"]
[Black "Binelli Rodolfo Eduardo"]
[Result "1/2-1/2"]
[WhiteElo "2526"]
[BlackElo "2499"]
[PlyCount "60"]
[EventDate "1998.??.??"]
[Source "www.chesslib.no"]
[SourceDate "2004.05.04"]

1. d4 Nf6 2. c4 c5 3. d5 b5 4. cxb5 a6 5. bxa6 Bxa6 6. Nc3 g6 7. g3 d6 8. Nf3 Bg7 9. e4 Bxf1 10. Kxf1 O-O 11. Kg2 Nbd7 12. h3 Ra7 13. Re1 Qa8 14. Bg5 h6 15. Bc1 Rb8 16. Qc2 Ne8 17. Nd2 Nc7 18. Nc4 Rb4 19. b3 Nb5 20. Nxb5 Rxb5 21. Bb2 Bxb2 22. Qxb2 Nb6 23. Ne3 Nd7 24. Ng4 Kh7 25. Qd2 h5 26. Ne3 Rxb3 27. axb3 Rxa1 28. Rxa1 Qxa1 29. f3 Qb1 30. Qc2 Qxc2+ 1/2-1/2

[Event "Berliner Sommer"]
[Site "?"]
[Date "1993.??.??"]
[Round "?"]
[White "Goldin, A."]
[Black "Ikonnikov, V."]
[Result "1-0"]
[WhiteElo "2540"]
[BlackElo "2485"]
[PlyCount "81"]
[EventDate "1993.??.??"]
[Source "www.chesslib.no"]
[SourceDate "2004.05.04"]

1. d4 Nf6 2. c4 c5 3. d5 b5 4. cxb5 a6 5. bxa6 Bxa6 6. Nc3 d6 7. Nf3 g6 8. e4 Bxf1 9. Kxf1 Bg7 10. g3 O-O 11. Kg2 Qb6 12. Re1 Na6 13. Re2 Nb4 14. a3 Qa6 15. Ne1 Nd7 16. Bg5 f6 17. Bf4 c4 18. Rb1 Nd3 19. Nxd3 cxd3 20. Rd2 f5 21. Rxd3 Nc5 22. Re3 Bxc3 23. Rxc3 Nxe4 24. Rd3 Rac8 25. f3 Nc5 26. Re3 Rfe8 27. Rc1 e5 28. dxe6 Nxe6 29. Rxc8 Nxf4+ 30. gxf4 Qxc8 31. Rxe8+ Qxe8 32. a4 Kg7 33. b4 Kh6 34. b5 Qe3 35. a5 Qc3 36. a6 Qb2+ 37. Kg3 Qxb5 38. Qa1 Qb8 39. a7 Qa8 40. Qa5 Kh5 41. Qc7 1-0

[Event "Victor Ciocaltea mem"]
[Site "Bucharest ROM"]
[Date "2008.03.21"]
[Round "7"]
[White "Shishkin, Va UKR"]
[Black "Jianu, V."]
[Result "1-0"]
[WhiteElo "2493"]
[BlackElo "2530"]
[PlyCount "103"]
[EventDate "2008.03.14"]
[Source "www.chesslib.no"]
[SourceDate "2004.05.04"]

1. d4 Nf6 2. c4 c5 3. d5 b5 4. cxb5 a6 5. bxa6 g6 6. Nc3 Bxa6 7. Nf3 d6 8. e4 Bxf1 9. Kxf1 Bg7 10. g3 O-O 11. Kg2 Nbd7 12. h3 Qa5 13. Re1 Rfb8 14. e5 dxe5 15. Nxe5 Nxe5 16. Rxe5 Rb7 17. Qf3 Ne8 18. Re2 Nd6 19. Ne4 Nxe4 20. Rxe4 Qa6 21. Bg5 Qd6 22. Rae1 Qxd5 23. Rxe7 Qxf3+ 24. Kxf3 Rxe7 25. Bxe7 Bd4 26. a3 f5 27. Re2 Kf7 28. Bd6 Ra6 29. Be5 Bxe5 30. Rxe5 Rb6 31. Rxc5 Rxb2 32. a4 Rb3+ 33. Kg2 Ra3 34. a5 Ke6 35. g4 Kd6 36. Rb5 Kc6 37. Re5 Kd6 38. f4 fxg4 39. hxg4 Rb3 40. Re8 Ra3 41. Ra8 Kc6 42. f5 gxf5 43. gxf5 Rd3 44. f6 Rd7 45. a6 Kb6 46. Re8 Kxa6 47. Kg3 Kb6 48. Kg4 Kc6 49. Kf5 Kd6 50. Re1 Kc7 51. Ke6 Kd8 52. Rg1 1-0

[Event "Mephisto-GM-Turnier"]
[Site "Altensteig"]
[Date "1993.??.??"]
[Round "3"]
[White "Knaak, Rainer"]
[Black "Vogt, Lothar"]
[Result "1/2-1/2"]
[WhiteElo "2525"]
[BlackElo "2495"]
[PlyCount "24"]
[EventDate "1993.07.??"]
[Source "ChessBase"]

1. d4 Nf6 2. c4 c5 3. d5 b5 4. cxb5 a6 5. bxa6 Bxa6 6. Nc3 d6 7. e4 Bxf1 8. Kxf1 g6 9. Nf3 Nbd7 10. g3 Bg7 11. Kg2 O-O 12. h3 Qb6 1/2-1/2

[Event "Open, Andorra AND"]
[Site "?"]
[Date "2001.??.??"]
[Round "8"]
[White "Marin, M."]
[Black "Nanu, C."]
[Result "1-0"]
[WhiteElo "2600"]
[BlackElo "2415"]
[PlyCount "79"]
[EventDate "2001.??.??"]
[Source "www.chesslib.no"]
[SourceDate "2004.05.04"]

1. d4 Nf6 2. Nf3 c5 3. d5 d6 4. c4 b5 5. cxb5 a6 6. bxa6 Bxa6 7. Nc3 g6 8. e4 Bxf1 9. Kxf1 Bg7 10. g3 O-O 11. Kg2 Nbd7 12. Re1 Nb6 13. Re2 Ra6 14. Bf4 Qa8 15. Rc1 Na4 16. Rcc2 Nxc3 17. bxc3 Ra3 18. c4 Qa6 19. e5 Nd7 20. Qc1 Ra8 21. h4 dxe5 22. Nxe5 Nxe5 23. Bxe5 Bxe5 24. Rxe5 Qf6 25. Ree2 Rd3 26. Re3 Raa3 27. Qxa3 Rxa3 28. Rxa3 Qd4 29. Re3 Kf8 30. a3 h6 31. Ree2 Qf6 32. Re4 Qa1 33. Rce2 Qxa3 34. Rxe7 Qd3 35. R7e4 g5 36. R2e3 Qc2 37. hxg5 hxg5 38. d6 Qd2 39. Re8+ Kg7 40. R8e5 1-0

[Event "Porz Citroen-Cup"]
[Site "Porz"]
[Date "1993.??.??"]
[Round "8"]
[White "Budnikov, Alexandar"]
[Black "Teske, Henrik"]
[Result "1-0"]
[WhiteElo "2535"]
[BlackElo "2475"]
[PlyCount "71"]
[EventDate "1993.??.??"]
[Source "www.chesslib.no"]
[SourceDate "2004.05.04"]

1. d4 Nf6 2. c4 c5 3. d5 b5 4. cxb5 a6 5. bxa6 g6 6. Nc3 Bxa6 7. Nf3 d6 8. e4 Bxf1 9. Kxf1 Bg7 10. g3 O-O 11. Kg2 Nbd7 12. h3 Ra6 13. Re1 Qa8 14. Re2 Rb8 15. Qc2 Nb6 16. Rb1 Na4 17. Nd1 Nd7 18. b3 Qb7 19. Bf4 Qb5 20. Rd2 Nab6 21. Re2 Ra3 22. Bc1 Ra7 23. Re1 Rba8 24. a4 Qa6 25. Ne3 Rc8 26. Bd2 c4 27. a5 c3 28. axb6 cxd2 29. Qxd2 Qxb6 30. Nc4 Qa6 31. Nd4 Nc5 32. Nc6 Rb7 33. N4a5 Rbc7 34. b4 Na4 35. Rec1 Qb6 36. Nc4 1-0

[Event "FRA-chT9697 groupe A"]
[Site "France"]
[Date "1997.??.??"]
[Round "6"]
[White "Legky, Nikolay A"]
[Black "Ristic, Nenad"]
[Result "1-0"]
[WhiteElo "2535"]
[BlackElo "2475"]
[PlyCount "70"]
[EventDate "1997.??.??"]
[Source "www.chesslib.no"]
[SourceDate "2004.05.04"]

1. d4 Nf6 2. c4 c5 3. d5 b5 4. cxb5 a6 5. bxa6 g6 6. Nc3 Bxa6 7. e4 Bxf1 8. Kxf1 d6 9. Nf3 Bg7 10. g3 O-O 11. Kg2 Nbd7 12. h3 Ra7 13. Re1 Qa8 14. Re2 Nb6 15. Rb1 Na4 16. Qc2 e6 17. Nb5 exd5 18. e5 dxe5 19. Nxa7 e4 20. Qxa4 exf3+ 21. Kxf3 d4+ 22. Qc6 Qxa7 23. a4 c4 24. Bf4 Rd8 25. Rbe1 d3 26. Re7 Qd4 27. Bd2 Rd5 28. Kg2 Bf8 29. Bc3 Rd6 30. Bxd4 Rxc6 31. Bxf6 Rxf6 32. Rc7 Rb6 33. Rxc4 Rxb2 34. Re8 Kg7 35. Rd8 d2 1-0

[Event "Matarushka Banya"]
[Site "Matarushka Banya"]
[Date "1997.??.??"]
[Round "?"]
[White "Gyimesi, Zoltan"]
[Black "Solozhenkin, Evgeniy"]
[Result "0-1"]
[WhiteElo "2525"]
[BlackElo "2485"]
[PlyCount "62"]
[EventDate "1997.10.??"]
[Source "ChessBase"]
[SourceDate "1998.01.31"]

1. d4 Nf6 2. c4 c5 3. d5 b5 4. cxb5 a6 5. bxa6 g6 6. Nc3 Bxa6 7. Nf3 d6 8. e4 Bxf1 9. Kxf1 Nbd7 10. g3 Bg7 11. Kg2 O-O 12. Re1 Ra6 13. Re2 Qa8 14. Bf4 h6 15. Qd2 g5 16. Be3 e6 17. h4 Nxe4 18. Nxe4 exd5 19. Nexg5 hxg5 20. Bxg5 d4 21. Bh6 Ne5 22. Rxe5 dxe5 23. Bxg7 Re8 24. Bxe5 Rxe5 25. Qf4 Re4 26. Qg5+ Rg6 27. Qxc5 Rxh4 28. Rc1 Rh2+ 29. Kxh2 Qxf3 30. Kg1 Rh6 31. Qg5+ Kh7 0-1

[Event "Elista ol (Men)"]
[Site "Elista"]
[Date "1998.10.12"]
[Round "13"]
[White "Atalik, Suat"]
[Black "Salmensuu, Olli"]
[Result "1-0"]
[WhiteElo "2585"]
[BlackElo "2420"]
[PlyCount "87"]
[EventDate "1998.09.29"]
[Source "ChessBase"]
[SourceDate "1998.11.06"]

1. d4 Nf6 2. c4 c5 3. d5 b5 4. cxb5 a6 5. bxa6 g6 6. Nc3 Bxa6 7. e4 Bxf1 8. Kxf1 d6 9. Nf3 Bg7 10. g3 O-O 11. Kg2 Nbd7 12. Re1 Qc7 13. h3 Rfb8 14. Re2 Qb7 15. Bf4 Nb6 16. Rc1 Nh5 17. Bg5 h6 18. Bd2 Nc4 19. b3 Nxd2 20. Qxd2 Nf6 21. Na4 Ra6 22. Qd3 Nd7 23. e5 dxe5 24. Nxc5 Nxc5 25. Rxc5 Rba8 26. Rb5 Qc7 27. a4 f5 28. Nd2 Rf8 29. Qc4 Qd7 30. Rc5 Rd6 31. Qb5 Rd8 32. Nc4 Rxd5 33. Qxd7 R8xd7 34. Rc8+ Kf7 35. Nb6 Rd2 36. Rc2 Rxe2 37. Rxe2 Rd3 38. a5 f4 39. Ra2 f3+ 40. Kg1 e4 41. a6 e3 42. fxe3 Rxe3 43. Ra4 Be5 44. Nc4 1-0

[Event "Massy op2"]
[Site "Massy"]
[Date "1993.??.??"]
[Round "5"]
[White "Solozhenkin, Evgeniy"]
[Black "Ikonnikov, Vyacheslav"]
[Result "0-1"]
[WhiteElo "2515"]
[BlackElo "2485"]
[PlyCount "35"]
[EventDate "1993.??.??"]
[Source "www.chesslib.no"]
[SourceDate "2004.05.04"]

1. d4 Nf6 2. c4 c5 3. d5 b5 4. cxb5 a6 5. bxa6 Bxa6 6. Nc3 d6 7. Nf3 g6 8. e4 Bxf1 9. Kxf1 Bg7 10. g3 O-O 11. Kg2 Qb6 12. Re1 Na6 13. Re2 Nb4 14. h3 Nd7 15. Be3 Qa6 16. Qd2 Rfb8 17. Rd1 Nxa2 18. Bh6 0-1

[Event "Noyabrsk"]
[Site "Noyabrsk"]
[Date "1995.??.??"]
[Round "8"]
[White "Nedobora, Mikhail"]
[Black "Fominyh, Alexander"]
[Result "1/2-1/2"]
[WhiteElo "2480"]
[BlackElo "2520"]
[PlyCount "106"]
[EventDate "1995.05.??"]
[Source "ChessBase"]

1. d4 Nf6 2. c4 c5 3. d5 b5 4. cxb5 a6 5. bxa6 g6 6. Nc3 Bxa6 7. e4 Bxf1 8. Kxf1 d6 9. Nf3 Qc8 10. h3 Qa6+ 11. Kg1 Bg7 12. Kh2 Nbd7 13. Re1 O-O 14. Re2 Rfb8 15. Bg5 h6 16. Bxf6 Bxf6 17. Rc1 Rb4 18. Rcc2 Kh7 19. g3 Rab8 20. Kg2 Bg7 21. h4 Qb6 22. h5 Qa6 23. hxg6+ fxg6 24. Qh1 Bf6 25. Qh3 Qc8 26. Qe6 Qe8 27. e5 dxe5 28. Ne4 R4b6 29. Qh3 Kg7 30. b3 Qc8 31. Nfd2 Qb7 32. Nc4 Ra6 33. Kh2 Rd8 34. Rcd2 Bg5 35. Rd1 Qa7 36. Kg1 Rxa2 37. Rxa2 Qxa2 38. Nxg5 hxg5 39. Qe6 Rf8 40. Rf1 Qxb3 41. Qxd7 Qxc4 42. Qxe7+ Kg8 43. Qxe5 Qd4 44. Qxd4 cxd4 45. Rd1 Kf7 46. Rxd4 Kf6 47. f4 Rd8 48. fxg5+ Ke5 49. Rf4 Rxd5 50. Kg2 Ke6 51. Rf6+ Ke7 52. Rxg6 Kf7 53. Rf6+ Kg7 1/2-1/2

[Event "Horgen SKA"]
[Site "Horgen"]
[Date "1994.??.??"]
[Round "9"]
[White "Fioramonti, Hung"]
[Black "Hodgson, Julian M"]
[Result "0-1"]
[WhiteElo "2415"]
[BlackElo "2580"]
[PlyCount "53"]
[EventDate "1994.09.??"]
[Source "ChessBase"]

1. d4 Nf6 2. c4 c5 3. d5 b5 4. cxb5 a6 5. bxa6 g6 6. Nc3 Bxa6 7. e4 Bxf1 8. Kxf1 d6 9. g4 Qc8 10. g5 Nh5 11. Qf3 Nd7 12. h4 h6 13. Kg2 hxg5 14. hxg5 Ne5 15. Qe2 c4 16. Nh3 Nd3 17. Qf3 Bg7 18. Nf4 Nhxf4+ 19. Bxf4 Rxh1 20. Rxh1 Qb7 21. e5 Qxb2 22. Ne4 Nxf4+ 23. Qxf4 Qxe5 24. Qf3 Kf8 25. Rd1 c3 26. Nc5 Qxg5+ 27. Kf1 0-1

[Event "AUT-chT2W 9697"]
[Site "Austria"]
[Date "1997.??.??"]
[Round "8"]
[White "Kelecevic, Nedeljko"]
[Black "Hertneck, Gerald"]
[Result "1/2-1/2"]
[WhiteElo "2430"]
[BlackElo "2565"]
[PlyCount "38"]
[EventDate "1996.??.??"]
[Source "www.chesslib.no"]
[SourceDate "2004.05.04"]

1. d4 Nf6 2. c4 c5 3. d5 b5 4. cxb5 a6 5. bxa6 g6 6. Nc3 Bxa6 7. Nf3 d6 8. e4 Bxf1 9. Kxf1 Bg7 10. g3 O-O 11. Kg2 Nbd7 12. h3 Qa5 13. Bd2 Ne8 14. Qc2 Nc7 15. Nd1 Qa6 16. Bc3 Bh6 17. Bd2 Bg7 18. Bc3 Bh6 19. Bd2 Bg7 1/2-1/2

[Event "Nuernberg"]
[Site "?"]
[Date "1996.??.??"]
[Round "4"]
[White "Legky Nikolay A"]
[Black "Mainka Romuald"]
[Result "0-1"]
[WhiteElo "2540"]
[BlackElo "2455"]
[PlyCount "76"]
[EventDate "1996.??.??"]
[Source "www.chesslib.no"]
[SourceDate "2004.05.04"]

1. d4 Nf6 2. c4 c5 3. d5 b5 4. cxb5 a6 5. bxa6 g6 6. Nc3 Bxa6 7. e4 Bxf1 8. Kxf1 d6 9. Nf3 Bg7 10. g3 O-O 11. Kg2 Nbd7 12. h3 Qb6 13. Re1 Ne8 14. Qd2 Nc7 15. b3 Rae8 16. Bb2 Qb7 17. Re2 Ne5 18. Nxe5 Bxe5 19. Rc1 f5 20. f3 fxe4 21. fxe4 e6 22. Rce1 Bd4 23. dxe6 Nxe6 24. Qd3 Qg7 25. e5 dxe5 26. Ne4 Qb7 27. Bc1 Qd5 28. Bh6 Rf5 29. Kh2 Bg1+ 30. Kxg1 Qxd3 31. Rd2 Qa6 32. g4 Rf3 33. Rd7 Qxa2 34. g5 Rd8 35. Re7 Nd4 36. Rg7+ Kh8 37. Re7 Ne2+ 38. Kh1 Ng3+ 0-1

[Event "It (cat.7)"]
[Site "Alushta (Ukraine)"]
[Date "2007.06.07"]
[Round "8"]
[White "Shishkin Vadim (UKR)"]
[Black "Annageldyev Orazly (TKM)"]
[Result "1-0"]
[WhiteElo "2515"]
[BlackElo "2480"]
[PlyCount "71"]
[EventDate "2007.??.??"]
[Source "www.chesslib.no"]
[SourceDate "2004.05.04"]

1. d4 Nf6 2. c4 c5 3. d5 b5 4. cxb5 a6 5. bxa6 d6 6. Nc3 Bxa6 7. e4 Bxf1 8. Kxf1 g6 9. Nf3 Nbd7 10. h3 Bg7 11. g3 O-O 12. Kg2 Nb6 13. Re1 Ra6 14. Qc2 Qa8 15. b3 Rb8 16. Bb2 Ne8 17. Re2 Nc7 18. Rd1 Nd7 19. Nd2 Nb5 20. Nxb5 Rxb5 21. Bxg7 Kxg7 22. Nc4 Nb6 23. Ne3 Rb4 24. f3 f6 25. Rdd2 Nc8 26. Nc4 Na7 27. a4 Nc8 28. Qc3 Nb6 29. Na3 Nc8 30. f4 Rb8 31. e5 Qb7 32. Nb5 Qd7 33. exf6+ exf6 34. Re6 Qd8 35. Rde2 Qf8 36. Nc7 1-0

[Event "Chesswise int op"]
[Site "Stratton Mountain"]
[Date "2000.07.13"]
[Round "6"]
[White "Atalik, Suat"]
[Black "Miton, Kamil"]
[Result "1-0"]
[WhiteElo "2549"]
[BlackElo "2443"]
[PlyCount "111"]
[EventDate "2000.07.10"]
[Source "ChessBase"]
[SourceDate "2000.10.18"]

1. d4 Nf6 2. c4 c5 3. d5 b5 4. cxb5 a6 5. bxa6 g6 6. Nc3 Bxa6 7. e4 Bxf1 8. Kxf1 d6 9. Nf3 Nbd7 10. g3 Bg7 11. Kg2 O-O 12. Re1 Ng4 13. Nd2 Nge5 14. Qe2 Nb6 15. f4 Ned7 16. a4 Ra7 17. a5 Na8 18. Nc4 Nc7 19. e5 dxe5 20. fxe5 Qa8 21. Qe4 e6 22. dxe6 Nxe6 23. Nb5 Ra6 24. Qxa8 Rfxa8 25. Bd2 Rb8 26. Nba3 Nd4 27. Rad1 Re6 28. Bf4 Rb4 29. g4 h6 30. Bg3 Nb8 31. Re3 Nbc6 32. Be1 Rb8 33. Bc3 Bxe5 34. Nxe5 Nxe5 35. Rde1 Rbe8 36. Nb5 Nxb5 37. Rxe5 Nxc3 38. Rxe6 fxe6 39. bxc3 Kf7 40. a6 Ra8 41. Ra1 Ra7 42. Kf3 Ke7 43. Ke4 Kd6 44. c4 e5 45. h4 Ke6 46. h5 gxh5 47. gxh5 Kd6 48. Kf5 Rf7+ 49. Kg6 Ra7 50. Kxh6 e4 51. Kg6 e3 52. Kf6 e2 53. Re1 Rxa6 54. Rxe2 Ra1 55. Re6+ Kd7 56. Re5 1-0

[Event "Continental op 45'"]
[Site "Los Angeles"]
[Date "2000.07.30"]
[Round "8"]
[White "Atalik, Suat"]
[Black "Miton, Kamil"]
[Result "1-0"]
[WhiteElo "2549"]
[BlackElo "2443"]
[PlyCount "133"]
[EventDate "2000.07.24"]
[Source "ChessBase"]
[SourceDate "2000.10.18"]

1. d4 Nf6 2. c4 c5 3. d5 b5 4. cxb5 a6 5. bxa6 g6 6. Nc3 Bxa6 7. e4 Bxf1 8. Kxf1 d6 9. Nf3 Bg7 10. g3 O-O 11. Kg2 Nbd7 12. Re1 Ng4 13. Nd2 Nge5 14. Qe2 Nb6 15. f4 Ned7 16. a4 Ra5 17. Nb3 Bxc3 18. bxc3 Rxa4 19. Rxa4 Nxa4 20. c4 Qb6 21. Qc2 e5 22. dxe6 fxe6 23. Nd2 Qc6 24. Nf3 Re8 25. Qd3 e5 26. Rd1 exf4 27. Qxd6 Qxd6 28. Rxd6 Ndb6 29. Bxf4 Nxc4 30. Rd7 Nc3 31. e5 Ne4 32. Ra7 Nb6 33. Bh6 Nd5 34. Rg7+ Kh8 35. Rd7 Ne7 36. g4 Nc6 37. Rc7 Ne7 38. Ng5 Nxg5 39. Bxg5 Ng8 40. Rxc5 h6 41. Be3 Kg7 42. Kf3 Kf7 43. h4 Re7 44. Rb5 Rc7 45. Rb8 Ne7 46. Bxh6 Rc3+ 47. Kf4 Nc6 48. Rb7+ Ke6 49. Bg7 Rc4+ 50. Kg5 Nd8 51. Rb6+ Kf7 52. Rxg6 Rxg4+ 53. Kxg4 Kxg6 54. Bf8 Ne6 55. h5+ Kf7 56. Bh6 Nd4 57. Bg5 Nc6 58. Kf5 Nd4+ 59. Ke4 Ne6 60. Be3 Nc7 61. Kd4 Ke6 62. h6 Kf7 63. Kc5 Ne6+ 64. Kd6 Nf8 65. Bd2 Nh7 66. e6+ Ke8 67. Ke5 1-0

[Event "AUT-chT2O 9798"]
[Site "Austria"]
[Date "1998.??.16"]
[Round "7"]
[White "Haba, Petr"]
[Black "Palkovi, Jozsef"]
[Result "1-0"]
[WhiteElo "2580"]
[BlackElo "2410"]
[PlyCount "105"]
[EventDate "1997.??.??"]
[Source "www.chesslib.no"]
[SourceDate "2004.05.04"]

1. d4 Nf6 2. c4 c5 3. d5 b5 4. cxb5 a6 5. bxa6 g6 6. Nc3 Bxa6 7. e4 Bxf1 8. Kxf1 d6 9. g4 Qc8 10. h3 Bg7 11. Kg2 Na6 12. Nge2 O-O 13. Bf4 Nd7 14. Qd2 Ne5 15. Bxe5 Bxe5 16. Rac1 Qb7 17. b3 Qb4 18. f3 Rfb8 19. Nb1 Nc7 20. Qxb4 Rxb4 21. Rc2 f5 22. Nd2 fxe4 23. fxe4 Nb5 24. a4 Nd4 25. Nxd4 Rxd4 26. Rf1 h6 27. Rf3 g5 28. Kf1 Bf4 29. Nc4 Rxe4 30. Re2 Rxe2 31. Kxe2 Rb8 32. Rd3 Kf7 33. Kf3 e6 34. Ke4 Ke7 35. a5 Ra8 36. Rd1 Be5 37. Nxe5 dxe5 38. Ra1 Kd6 39. dxe6 Kxe6 40. a6 Ra7 41. Ra4 Kd6 42. Ra5 Kc6 43. Kxe5 Kb6 44. Ra4 Kb5 45. Kd5 Rd7+ 46. Ke6 Ra7 47. Kd6 c4 48. Rxc4 Rxa6+ 49. Ke5 Ra2 50. Kf5 Rf2+ 51. Kg6 Rf3 52. Kxh6 Rxb3 53. Rc8 1-0

[Event "Paris op"]
[Site "Paris"]
[Date "1998.??.??"]
[Round "9"]
[White "Shneider, Aleksandr"]
[Black "Lazarev, Vladimir"]
[Result "1/2-1/2"]
[WhiteElo "2540"]
[BlackElo "2450"]
[PlyCount "111"]
[EventDate "1998.07.??"]
[Source "www.chesslib.no"]
[SourceDate "2004.05.04"]

1. d4 Nf6 2. c4 c5 3. d5 b5 4. cxb5 a6 5. bxa6 g6 6. Nc3 Bxa6 7. Nf3 d6 8. e4 Bxf1 9. Kxf1 Nbd7 10. g3 Bg7 11. Kg2 O-O 12. h3 Qa5 13. Re1 Rfb8 14. e5 dxe5 15. Nxe5 Nxe5 16. Rxe5 Rb7 17. Qf3 Ne8 18. Re2 Nd6 19. Ne4 Nxe4 20. Qxe4 Qa6 21. a4 Bf6 22. Qf3 Rd8 23. Rc2 Bd4 24. Bg5 Rdd7 25. Ra2 Rb4 26. a5 Rdb7 27. Be3 Rb3 28. Qe4 R3b4 29. Bxd4 Rxd4 30. Qf3 Rd3 31. Qe2 Rd7 32. Ra3 R7xd5 33. Rxd3 Rxd3 34. Qe4 Rd1 35. Qc4 Qa8+ 36. f3 Qxa5 37. Qxc5 Rd2+ 38. Kg1 Qa1+ 39. Rc1 Qxb2 40. Qc8+ Kg7 41. Qc3+ Qxc3 42. Rxc3 h5 43. h4 Kf6 44. Rc7 e5 45. Ra7 Ke6 46. Ra5 f6 47. Ra6+ Rd6 48. Ra5 Kf5 49. Ra8 Rd2 50. Rg8 Rb2 51. Kf1 g5 52. hxg5 fxg5 53. Rf8+ Kg6 54. Rg8+ Kf6 55. Rf8+ Ke6 56. Rg8 1/2-1/2

[Event "Makarska"]
[Site "Makarska"]
[Date "1996.??.??"]
[Round "11"]
[White "Arlandi, Ennio"]
[Black "Sermek, Drazen"]
[Result "1/2-1/2"]
[WhiteElo "2455"]
[BlackElo "2535"]
[PlyCount "33"]
[EventDate "1996.06.??"]
[Source "www.chesslib.no"]
[SourceDate "2004.05.04"]

1. d4 Nf6 2. c4 c5 3. d5 b5 4. cxb5 a6 5. bxa6 g6 6. Nc3 Bxa6 7. e4 Bxf1 8. Kxf1 d6 9. Nf3 Bg7 10. g3 O-O 11. Kg2 Nbd7 12. Re1 Qa5 13. e5 Ng4 14. exd6 exd6 15. Bf4 Rfb8 16. Re2 Nge5 17. Nxe5 1/2-1/2

[Event "Bled op"]
[Site "Bled"]
[Date "1999.03.28"]
[Round "9"]
[White "Wilhelmi, Christian"]
[Black "Sermek, Drazen"]
[Result "1-0"]
[WhiteElo "2446"]
[BlackElo "2540"]
[PlyCount "69"]
[EventDate "1999.03.20"]
[Source "ChessBase"]
[SourceDate "1999.05.10"]

1. d4 Nf6 2. c4 c5 3. d5 b5 4. cxb5 a6 5. bxa6 g6 6. Nc3 Bxa6 7. Nf3 d6 8. e4 Bxf1 9. Kxf1 Nbd7 10. h3 Bg7 11. Kg1 O-O 12. Kh2 Qa5 13. Re1 Rfb8 14. Re2 Ne8 15. Rc2 Qa6 16. Kg1 Nc7 17. Re2 Nb5 18. Nxb5 Rxb5 19. Rc2 Rb4 20. Re2 Rab8 21. a3 Rb3 22. Ra2 Ne5 23. Nxe5 Bxe5 24. Rc2 Bd4 25. Qf1 Qb7 26. Qe2 Kh8 27. a4 Ra8 28. Rc4 Qa6 29. Qc2 Rab8 30. a5 f5 31. exf5 gxf5 32. Raa4 R3b5 33. Qd2 Bf6 34. Rh4 Rg8 35. Rxh7+ 1-0